Quick Pick: Double Letter US State Capitals Quiz Stats

 Plays Quiz Updated Feb 17, 2016

Challenge
Share
Tweet
Embed
Score 0/8 Timer 00:30
0 Plays Today
% Correct
Tallahassee
90.5%
Nashville
89.5%
Little Rock
88.3%
Harrisburg
85.9%
Cheyenne
84.2%
Annapolis
84%
Jefferson City
79.9%
Pierre
76.8%

Today's Daily Dose

You're not logged in!

Compare scores with friends on all Sporcle quizzes.
OR
Log In

You Might Also Like...

Show Comments

Extras

Top Quizzes Today


Score Distribution

Your Account Isn't Verified!

In order to create a playlist on Sporcle, you need to verify the email address you used during registration. Go to your Sporcle Settings to finish the process.

Report this User

Report this user for behavior that violates our Community Guidelines.

Details: